បច្ចេកទេសដាំដុះ និងផលិតពូជពោត (Record no. 1518)
[ view plain ]
| 000 -LEADER | |
|---|---|
| fixed length control field | 00424nam a22001457a 4500 |
| 003 - CONTROL NUMBER IDENTIFIER | |
| control field | OSt |
| 005 - DATE AND TIME OF LATEST TRANSACTION | |
| control field | 20150930143805.0 |
| 008 - FIXED-LENGTH DATA ELEMENTS--GENERAL INFORMATION | |
| fixed length control field | 150930b xxu||||| |||| 00| 0 eng d |
| 040 ## - CATALOGING SOURCE | |
| Transcribing agency | RUA |
| 082 ## - DEWEY DECIMAL CLASSIFICATION NUMBER | |
| Classification number | AGR ហ៊ីង 1992 B001 Or.1 |
| 100 ## - MAIN ENTRY--PERSONAL NAME | |
| 9 (RLIN) | 1610 |
| Personal name | ហ៊ីង, ធីតា |
| 245 ## - TITLE STATEMENT | |
| Title | បច្ចេកទេសដាំដុះ និងផលិតពូជពោត |
| 300 ## - PHYSICAL DESCRIPTION | |
| Extent | 79p. |
| Dimensions | 29cm. |
| 942 ## - ADDED ENTRY ELEMENTS (KOHA) | |
| Source of classification or shelving scheme | |
| Koha item type | AGR |
| Price effective from | Date last seen | Permanent Location | Not for loan | Date acquired | Source of classification or shelving scheme | Koha item type | Lost status | Withdrawn status | Date last checked out | Total Checkouts | Shelving location | Damaged status | Barcode | Current Location | Full call number |
|---|---|---|---|---|---|---|---|---|---|---|---|---|---|---|---|
| 2015-09-30 | 2018-02-19 | Library Block B | 2015-09-30 | AGR | 2018-02-02 | 1 | B001 | RUA018799 | Library Block B | AGR ហ៊ីង 1992 B001 Or.1 | |||||
| 2015-09-30 | 2016-07-15 | Library Block B | 2015-09-30 | AGR | 2016-07-01 | 1 | B001 | RUA018583 | Library Block B | AGR ហ៊ីង 1992 B001 Or.2 | |||||
| 2015-09-30 | 2015-09-30 | Library Block B | 2015-09-30 | AGR | B001 | RUA018517 | Library Block B | AGR ហ៊ីង 1992 B001 Or.3 | |||||||
| 2015-09-30 | 2015-09-30 | Library Block B | 2015-09-30 | AGR | B001 | Library Block B | AGR ហ៊ីង 1992 B001 Or.4 |